00650 2200241 4500001002100000005001500021035002000036245008500056100001200141250000600153300003700159700001800196260004400214082001000258084001600268020002200284650001700306990001700323990001700340990001700357990001700374990001700391INLIS00000000000053220181207103415 a0010-12180000181 aBudidaya dan Manfaat Bawang, Mentimun dan Pare /cKardono; Editor, Eko Praptanto0 aKardono a- aviii, 92 hlm. :bilus. ;c25 cm.0 aEko Praptanto aJakarta :bPT Armandelta Selaras,c2010 a581.6 a581.6 KAR b a978-979-050-076-1 aApotek Hidup a01900/P/2018 a01901/P/2018 a01902/P/2018 a01903/P/2018 a01904/P/2018